| 000 | 00670nam a22001937a 4500 | ||
|---|---|---|---|
| 999 |
_c13542 _d13542 |
||
| 003 | AR-CdUCM | ||
| 008 | 190415b ||||| |||| 00| 0 spa d | ||
| 040 |
_aMUNICIPALIDAD PROVINCIAL DEL CUSCO _cBIBLIOTECA MUNICIPAL DEL CUSCO |
||
| 082 |
_a985 / _bAN636 |
||
| 245 | _aAnuario cultural del Perú 1955 / | ||
| 260 |
_aLima : _bJuan Mejia Baca, _c1970. |
||
| 300 |
_a138 páginas ; _bIlustraciones, _c21 cm. |
||
| 505 | _aContenido: Nuestras letras -- La novela y el cuento -- El ensayo -- La poesía -- Humorismo... | ||
| 650 |
_aAnuario _918405 |
||
| 650 |
_aLetras _96124 |
||
| 650 |
_aArqueología peruana _91476 |
||
| 942 |
_2ddc _cLIBROS |
||
| 945 |
_adavv _d15/04/2019 |
||